000 00583nam a2200217Ia 4500
003 GCL
008 140319s9999 xx 000 0 ara d
040 _aGCL /
_cGCL
082 0 4 _a792.025
_bن ا
100 1 _aامين سلامة
245 1 0 _aالاخراج المسرحى /
_cامين سلامة
700 1 _aنيلمز, هينج
700 1 _aكامل يوسف
300 _a530 ص
490 _a
650 0 4 _aالمسرح
650 0 4 _aالمسرحيات
650 0 4 _aالفنون المسرحية
650 0 4 _aالتمثيل فى المسرح
942 _2ddc
_cBK
999 _c39644
_d39644